000 00499nam a22001937a 4500
003 MPLRDC
005 20220104124257.0
008 210129b ||||| |||| 00| 0 eng d
020 _a7-5012-0255-9
082 _a740.274 JLF v.3
100 _a解立夫
245 _a专制魔王: 墨索里尼
_c
250 _a一版五刷
260 _a
_b世界知识出版社
_c1990
300 _b
490 _a二次大战三元凶. 3
650 _a第二次世界大战
942 _cBK
_o740.274 JLF v.3
999 _c18054
_d18044